Algebra y trigonometría con aplicaciones

Պահպանված է:
Մատենագիտական մանրամասներ
Հիմնական հեղինակներ: Johnson, L. Murphy (Հեղինակ), Steffensen, Arnold R (Հեղինակ)
Ձևաչափ: Գիրք
Լեզու:իսպաներեն
Հրապարակվել է: Ciudad de México Trillas 1994
Խորագրեր:
Ցուցիչներ: Ավելացրեք ցուցիչ
Չկան պիտակներ, Եղեք առաջինը, ով նշում է այս գրառումը!

MARC

LEADER 00000nam a2200000 a 4500
001 UCL3810
003 CL-VaPUC
008 031212e19940000MX |||||||||||||||||spa|d
020 |a 9682447348 
082 0 4 |a 512.13  |b JOH  |2 21 
100 0 |a Johnson, L. Murphy  |e author  |9 481219 
700 0 |a Steffensen, Arnold R  |e author  |9 481220 
245 1 0 |a Algebra y trigonometría con aplicaciones 
300 |a 714 p 
942 |c BK 
945 |d 20031212 00:00:00  |a cmena 
260 |a Ciudad de México  |b Trillas  |c 1994 
650 0 |a Álgebra  |9 259567 
650 0 |a Trigonometría   |9 259568 
650 0 |a Funciones (Matemáticas)  |9 338128 
650 0 |a Ecuaciones  |9 260137 
583 |a last modification  |c 20031212 00:00:00  |k Rodrigo Vera 
999 |c 306815  |d 306813 
952 |0 0  |1 0  |4 0  |6 512_130000000000000_JOH_1994  |7 0  |8 A  |9 372154  |a BIBMAT  |b BIBMAT  |d 2019-11-21  |i 3973921  |o 512.13 JOH 1994  |p 3973921  |r 2025-01-07  |w 2019-11-21  |y BK  |k MAT